000 00653nam a2200229 i 4500
001 C2-0077283
003 PPAK
005 20180727082552.0
008 970429s1982 my a|||| ||||| | may d
040 _aPPAK
_beng
_cPPAK
_erda
082 0 4 _a398.2
_223
090 0 0 _a398.2
_bBAY
_dKIH
245 0 0 _aBayagong dan lain-lain cerita
264 1 _aKuala Lumpur :
_bDewan Bahasa dan Pustaka ,
_c1982
300 _avii, 83 pages :
_bcolour illustrations ;
_c25 cm
336 _2rdacontent
_atext
337 _2rdamedia
_aunmediated
338 _2rdacarrier
_avolume
650 1 0 _aFolk literature
700 0 _aAbdullah Hussain,
_ecompile
942 _ddc
_cB
999 _c12392
_d12392